01089nam a2200229 i 4500001000700000003000900007005001700016008004100033040003000074100001800104245016100122260006200283300002100345490005100366490010400417650001800521700002000539700003300559830005100592830010400643852011200747157915ES-MaACL20250806070430.0020925s1879 sp |||| | spa d aCCPB | B bspa cCCPB | B1 aLoebisch, Fr.10aAcción y empleo de algunos medicamentos nuevos / cpor Fr. Loebisch y Pr. Rokitansky ; traducida directamente del alemán por Isidoro de Miguel y Viguri. aMadrid : b[s.n.], c1879 (fImprenta de Enrique Teodoro) a89 p. ; c23 cm.1 aBiblioteca Económica de Medicina y Cirujía1 aClínica de Viena. Colección de monografías prácticas publicadas por el doctor J. Schnitzler 4aMedicamentos.1 aRokitansky, Pr.0 aMiguel y Viguri, Isidoro de.0 aBiblioteca económica de medicina y cirujía0 aClínica de Viena. Colección de monografías prácticas publicadas por el doctor J. Schnitzler aES-MaACLjB-12700(2) z-- Enc. pasta española q-- Falto de la cub. originalz-- Enc. en un vol. facticio